La Doctrina de la Inteligencia de Aristóteles a Santo Tomás de Aquino (Record no. 3694)

MARC details
000 -LEADER
campo de control de longitud fija 00340nam a2200121Ia 4500
005 - FECHA Y HORA DE LA ÚLTIMA TRANSACCIÓN
campo de control 20251222140054.0
008 - DATOS DE LONGITUD FIJA--INFORMACIÓN GENERAL
campo de control de longitud fija 251222s1900||||xx |||||||||||||| ||spa||
082 ## - NÚMERO DE LA CLASIFICACIÓN DECIMAL DEWEY
Número de clasificación 120/D59
100 ## - ENTRADA PRINCIPAL--NOMBRE DE PERSONA
Nombre de persona Derisi, Octavio Nicolas
245 #0 - MENCIÓN DEL TÍTULO
Título La Doctrina de la Inteligencia de Aristóteles a Santo Tomás de Aquino
264 ## - PRODUCCIÓN, PUBLICACIÓN, DISTRIBUCIÓN, FABRICACIÓN Y COPYRIGHT
Nombre del de productor, editor, distribuidor, fabricante Club de Lectores
942 ## - ELEMENTOS DE ENTRADA SECUNDARIOS (KOHA)
Tipo de ítem Koha Libros
Holdings
Estatus retirado Estado de pérdida Estado de daño No para préstamo Biblioteca de origen Biblioteca actual Ubicación en estantería Fecha de adquisición Total de préstamos Signatura topográfica completa Código de barras Visto por última vez Precio de reemplazo Tipo de ítem Koha
        Biblioteca Andrés Aziani Biblioteca Andrés Aziani Programa 22/12/2025   120/D59 0022319 22/12/2025 22/12/2025 Libros